|
|
|
|
| LEADER |
00802nab#a2200313#ar4500 |
| 001 |
000041549 |
| 003 |
SVKKK |
| 005 |
00000000000000.0 |
| 008 |
c xo e sloo |
| FMT |
|
|
|
| 038 |
|
|
|a SVKKK
|
| 040 |
|
|
|a SVKKK
|b slo
|e AACR2
|
| 041 |
0 |
|
|a slo
|
| 044 |
|
|
|a xo
|c SK
|
| 080 |
|
|
|a 614.8
|2 1981
|
| 100 |
1 |
|
|a Buzinkay, Alexander
|4 aut
|
| 245 |
1 |
0 |
|a Oheň v duši :
|b Ohene pochovali Zbojnícku chatu
|c Buzinkay Alexander,
|
| 300 |
|
|
|b Fotogr. 3
|
| 650 |
0 |
4 |
|a Zbojnícka chata, Vysoké Tatry
|
| 650 |
0 |
4 |
|a požiar
|x jún, 1998
|x charekteristika
|x informácie
|
| 773 |
0 |
|
|t Nedeľná Pravda
|g Roč. 7, č. 26(1998), s. 22-23
|
| 957 |
|
|
|a Vysoké Tatry
|
| 958 |
|
|
|a PP
|
| 958 |
|
|
|a TA
|
| 974 |
|
|
|d 981006
|a SAB
|
| 992 |
|
|
|a RBX
|
| BAS |
|
|
|
| 852 |
|
|
|a SVKKK
|b BIB
|
| 998 |
|
|
|a REG
|